Aku Ankka hahmot - Statistics

Yleistilastot
  • Tätä visaa on pelattu 421 kertaa
  • Keskiarvotulos 35 / 68
Vastaustilastot
Kuvavisa Vastaus % Oikein
Aku Ankka
100%
Hupu
98%
Iines Ankka
98%
Lupu
98%
Roope Ankka
98%
Tupu
98%
Mikki Hiiri
96%
Minni Hiiri
96%
Hannu Hanhi
95%
Pluto
94%
Hessu Hopo
91%
Pelle Peloton
91%
Karhukopla
86%
Milla Magia
86%
Kaino-Vieno Ankka
83%
Hansu Hanhi
78%
Superhessu
78%
313
76%
Mustakaapu
76%
Touho Ankka
74%
Taikaviitta
71%
Heluna Ammu
69%
Mortti ja Vertti
67%
Musta Pekka
67%
Pulivari
67%
Kroisos Pennonen
66%
Teppo Tulppu
64%
Neiti Näpsä
63%
Kulta-Into Pii
60%
Leenu, Liinu ja Tiinu
60%
Pikku Apulainen
60%
Matami Mimmi
59%
Simo Sisu
59%
Karhuvaari
54%
Riitta Hanhi
54%
Taavi Ankka
54%
Polle Koninkaulus
53%
Julle Ankanpää
50%
Eka Vekara
42%
Kultu Kimallus
42%
Indiana Hopo
41%
Etsivä Kaasi
35%
Pikku-Pelle
30%
Jose Carioca
28%
Lauri Lokki
27%
Hertta
26%
Musta Ritari
25%
P. J. Petkunterä
24%
Säästöpää
24%
Viitatar
23%
Atomiinus
22%
Joppe
22%
Velmu Viurusilmä
22%
Fantom Ankka
17%
Kuuno Kaakkuri
16%
Parta-Jussi
16%
Karvakatti
15%
Tohtori Staattinen
15%
Lievistö
14%
Palle Pulppu
13%
Rankku Kanuuna
12%
Panchito Pistoles
11%
Kuusnelonen
10%
Reino Murske
9%
Intellektuelli-176
8%
Zapotek
7%
Kaivanto
6%
Hanhikki
3%
Ehtoja vastaavia visoja ei löytynyt
Tulosjakauma
Jokaisen tuloksen saaneiden osuus
Persentiili vastausten määrän mukaan
Tuloshistoriasi
Et ole pelannut tätä visaa